Statistics for Taylor Swift - Teardrops On My Guitar Lyrics

Click here to take the quiz!

General Stats

  • This quiz has been taken 72 times
  • The average score is 262 of 288

Answer Stats

Answer% Correct
guitar
100%
I
100%
my
100%
on
100%
teardrops
100%
a
97%
for
97%
he
97%
He
97%
he's
97%
He's
97%
me
97%
reason
97%
The
97%
the
97%
wish
97%
about
95%
all
95%
at
95%
do
95%
don't
95%
Drew
95%
fake
95%
girl
95%
in
95%
know
95%
knows
95%
Look
95%
looks
95%
night
95%
only
95%
see
95%
smile
95%
so
95%
So
95%
star
95%
talks
95%
That
95%
that
95%
think
95%
to
95%
wishin'
95%
won't
95%
And
92%
and
92%
be
92%
car
92%
'cause
92%
'Cause
92%
if
92%
keep
92%
love
92%
of
92%
she's
92%
want
92%
when
92%
why
92%
with
92%
wonder
92%
beautiful
89%
bet
89%
Can
89%
can't
89%
eyes
89%
funny
89%
got
89%
it
89%
it's
89%
just
89%
keeps
89%
laugh
89%
live
89%
lucky
89%
singing
89%
song
89%
wishing
89%
without
89%
everything
86%
Everything
86%
have
86%
I'll
86%
right
86%
tell
86%
thing
86%
those
86%
breathe?
84%
could
84%
even
84%
finally
84%
her
84%
him
84%
says
84%
alone
81%
break
81%
by
81%
drive
81%
enough
81%
heart
81%
home
81%
kind
81%
one
81%
perfectly
81%
sleep
81%
walks
81%
get
78%
give
78%
goes
78%
need
78%
off
78%
there
78%
who's
78%
flawless
76%
his
76%
maybe
76%
should
76%
some
76%
tonight
76%
turn
76%
we
76%
as
73%
better
73%
but
73%
hold
73%
tight
73%
Anyone
70%
down
70%
into
70%
light
70%
never
70%
picture
70%
put
70%
fall
68%
I'm
68%
She'd
68%
needing
62%
time
62%
taken
57%
up
57%
there's
49%

Score Distribution

Percentile by Number Answered

Percent of People with Each Score

Your Score History

You have not taken this quiz